LA Galaxy Top Scorers - Statistics

General Stats
  • This quiz has been taken 37 times
  • The average score is 5 of 25
Answer Stats
Country Goals Player (Answer) % Correct
USA 135 Landon Donovan
84%
Ireland 104 Robbie Keane
81%
Sweden 53 Zlatan Ibrahimovic
81%
England 20 David Beckham
58%
Mexico 38 Chicharito
42%
Mexico 28 Giovani dos Santos
32%
Guatemala 62 Carlos Ruiz
23%
USA 40 Gyasi Zardes
23%
USA 75 Cobi Jones
19%
El Salvador 40 Mauricio Cienfuegos
13%
USA 37 Mike Magee
10%
USA 40 Alan Gordon
6%
Serbia 19 Dejan Joveljic
6%
USA 47 Edson Buddle
6%
Brazil 24 Juninho
6%
USA 27 Greg Vanney
3%
Armenia 18 Harut Karapetyan
3%
France 24 Romain Alessandrini
3%
USA 30 Sebastion Lletget
3%
Mexico 19 Carlos Hermosillo
0%
Ecuador 33 Eduardo Hurtado
0%
St. Vincent and The Grenadines 24 Ezra Hendrickson
0%
USA 18 Herculez Gomez
0%
USA 21 Sasha Victorine
0%
Brazil 29 Welton
0%
No matching quizzes found
Score Distribution
Percent of People with Each Score
Percentile by Number Answered
Your Score History
You have not taken this quiz